| 000 | 00975nam a2200217Ia 4500 | ||
|---|---|---|---|
| 999 |
_c39753 _d39753 |
||
| 001 | 6358 | ||
| 003 | GE_BSU | ||
| 005 | 20190501111936.0 | ||
| 008 | 181216s1984||||ge |||||||||||||| ||geo|| | ||
| 040 | _cGE_BSU | ||
| 041 | _ageo | ||
| 080 | _a624.13(075.8) + 624.15 კ-44 | ||
| 100 |
_aკვაჭაძე, დ. _9516 |
||
| 245 |
_aგრუნტების მექანიკა და ფუძე-საძირკვლები ნაწილი II : _bდამხმ. სახელმძღვ. / _cდ. კვაჭაძე ; რედ. მ.ძიძიგური. |
||
| 264 |
_aთბილისი : _bსპი ; _c1984. |
||
| 300 |
_a92 გვ. : _bილ. ; _c20 სმ. |
||
| 504 | _aბიბლიოგრ. : გვ.89. | ||
| 653 | _aგრუნტების მექანიკა და ფუძე-საძირკვლები | ||
| 700 |
_aძიძიგური, მ. _eრედაქტორი _9472 |
||
| 942 |
_cBK _2udc |
||